Tratado de Derecho de Familia : relaciones parentales. Filiación por naturaleza. Filiación por técnicas de reproducción humana asistida. Adopción y responsabilidad parental / Tomo III.
Guardado en:
| Otros Autores: | , |
|---|---|
| Formato: | Libro |
| Idioma: | Spanish |
| Publicado: |
Ciudad Autónoma de Buenos Aires :
La Ley,
2015.
|
| Edición: | 1a. ed. |
| Materias: | |
| Etiquetas: |
Agregar Etiqueta
Sin Etiquetas, Sea el primero en etiquetar este registro!
|
| LEADER | 00745nam a22001815a 4500 | ||
|---|---|---|---|
| 001 | DER.der012999 | ||
| 008 | 180615s2015####|||||||||||||||||#||spa|| | ||
| 005 | 20231113094021.0 | ||
| 245 | 1 | 0 | |a Tratado de Derecho de Familia : |b relaciones parentales. Filiación por naturaleza. Filiación por técnicas de reproducción humana asistida. Adopción y responsabilidad parental / |c Adriana N. Krasnow. |p Tomo III. |
| 250 | |a 1a. ed. | ||
| 260 | |a Ciudad Autónoma de Buenos Aires : |b La Ley, |c 2015. | ||
| 300 | |a 1365 p. | ||
| 020 | |a 9789870328926 | ||
| 100 | 1 | |a Krasnow, Adriana N., |e dir. | |
| 700 | 1 | |a Di Tullio Budassi, Rosana, |e coord. | |
| 700 | 1 | |a Radyk, Elena, |e coord. | |
| 650 | 7 | |a DERECHO DE FAMILIA | |
| 859 | |a DERECHO |b BIB. DERECHO |h 346.015 |i KRA |p 007869 |3 Tomo III | ||
